000 00899nas a2200289 4500
001 BR7902100
003 BR-BrBNA
005 20231205083656.0
007 ta
008 230509b bl.|||p| |||| 00| 00por d
040 _aBR-BrBNA
_bpor
_cBiblioteca Nacional de Agricultura
041 _a(Pt)
072 _aF30; K10
100 1 _aFonseca, S.M. da
100 1 _aJacob, W.S.
100 1 _aFerreira, M.
100 1 _aKageyama, P.Y.
245 1 _aPrograma conjunto de melhoramento genetico e producao de sementes de Pinus taeda na regiao sul do Brasil [pinheiro]
650 _aMELHORAMENTO GENETICO VEGETAL
650 _aPRODUCAO VEGETAL
650 _aPINHEIRO
650 _aSEMENTE
650 _aREGIAO SUL
773 0 _tIPEF. Boletim Informativo (Brazil)
_xISSN 0100-4557
_g(Jul 1978), v. 6(18) p. 61-73
_wBR7902100
909 _a202311
_bLúcia
_c55
_dLúcia Elande
942 _2AGRIS
_n0
_cANA
999 _c100497
_d100497